00654 2200217 4500001002100000005001500021035002000036007000300056008004100059020001800100082001100118084001700129100001800146245011900164250001900283260004000302300004300342600002300385990001400408990001400422INLIS00000000001053820250918041322 a0010-0925000136ta250918 e 0 ind  a9786026587589 a352.14 a352.14 FIR p0 aFirman Sujadi1 aPedoman Umum Penyelenggaraan Pemerintahan Desa : tata kelola keuangan, aset, dan pembangunan desa /cFirman Sujadi aCet 1, Jilid 2 aJakarta :bBee Media Pustaka,c2019 aviii + 302 Hlm :bIlus ;c17.6 x 25 cm 4aAdministrasi Lokal a025.01039 a025.01040